[Event "Let's Play Chess!"]
[Site "http://www.queenalice.com/game.php?id=774560"]
[Date "2010.5.12"]
[Round "-"]
[White "ThiCappuccelli"]
[Black "charles31"]
[Result "0-1"]
[WhiteElo "1363"]
[BlackElo "1822"]

1. d4 d5 2. e3 Nf6 3. Nf3 Bg4 4. Bb5+ c6 5. Bd3 Ne4 6. Nc3 e6 7. Be2 Bb4 8. Ne5
Bxe2 9. Qxe2 Nxc3 10. Qf3 Ne4+ 11. c3 f6 12. Qh5+ g6 13. Nxg6 Kd7 14. Nh4 Bd6
15. Nf3 Qe7 16. Qh4 Na6 17. g3 Raf8 18. O-O h5 19. Nd2 f5 20. Qxe7+ Kxe7 21. Nb3
h4 22. Na5 hxg3 23. fxg3 Rfg8 24. Nxb7 Bxg3 25. b4 Bxh2+ 26. Kh1 Bc7# 0-1

[Event "Let's Play Chess!"]
[Site "http://www.queenalice.com/game.php?id=774788"]
[Date "2010.5.13"]
[Round "-"]
[White "ThiCappuccelli"]
[Black "elche"]
[Result "0-1"]
[WhiteElo "1421"]
[BlackElo "1776"]

1. d4 d5 2. e3 Bf5 3. Nf3 e6 4. Bb5+ c6 5. Ne5 cxb5 6. Qh5 Qe7 7. Nc3 g6 8. Qe2
a6 9. a4 b4 10. Na2 Bg7 11. O-O f6 12. Nd3 Bxd3 13. Qxd3 Nc6 14. e4 dxe4 15.
Qxe4 f5 16. Qe1 Nxd4 17. Qxb4 Nxc2 18. Qc4 Nxa1 19. Be3 Bxb2 20. Nb4 Ba3 21. Bc5
Qf6 22. g3 Rc8 23. Qd3 Rxc5 24. Qxa3 Ne7 25. a5 Nc2 26. Nxc2 Rxc2 27. Qa4+ Rc6
28. Rd1 O-O 29. Rb1 Rb8 30. h4 h6 31. Qf4 Rcc8 32. Qxh6 Kf7 33. Qh7+ Qg7 34.
Qxg7+ Kxg7 35. Rb6 Rc6 36. Rb4 Nd5 37. Rb1 b5 38. Rd1 b4 39. Kh2 b3 40. Kh3 b2
41. Rb1 Rc1 42. Rxb2 Rxb2 43. g4 fxg4+ 44. Kxg4 Rxf2 45. h5 gxh5+ 46. Kxh5 Rg2
47. Kh4 Rh1# 0-1

[Event "AUTO-INT-1710"]
[Site "http://www.queenalice.com/game.php?id=781200"]
[Date "2010.5.26"]
[Round "1"]
[White "ThiCappuccelli"]
[Black "daga2008"]
[Result "1-0"]
[WhiteElo "1417"]
[BlackElo "1407"]

1. e3 e5 2. d4 exd4 3. Qxd4 Nc6 4. Qf4 d6 5. Nf3 Nf6 6. Bd2 Be7 7. Ng5 h6 8. Nf3
Nd5 9. Qg3 Rg8 10. Nc3 Nxc3 11. Bxc3 f6 12. Qg6+ Kd7 13. g3 b6 14. Bh3+ f5 15.
Bxf5# 1-0

[Event "AUTO-INT-1710"]
[Site "http://www.queenalice.com/game.php?id=781201"]
[Date "2010.5.26"]
[Round "1"]
[White "daga2008"]
[Black "ThiCappuccelli"]
[Result "0-1"]
[WhiteElo "1427"]
[BlackElo "1433"]

1. e4 e5 2. Qh5 Nf6 3. Qe2 b6 4. Nc3 Bb7 5. d3 g6 6. Bd2 Ba6 7. O-O-O Nc6 8. Nd5
Nd4 9. Qe1 c6 10. Nxf6+ Qxf6 11. c3 Nb5 12. Ne2 Qe6 13. b3 Ba3+ 14. Kb1 Be7 15.
c4 Qd6 16. Nc3 Bb7 17. Nxb5 cxb5 18. cxb5 Qd4 19. Be3 Qd6 20. d4 a6 21. f3 axb5
22. Bxb5 Qa3 23. Bc1 Qxa2# 0-1

[Event "AUTO-INT-1710"]
[Site "http://www.queenalice.com/game.php?id=781202"]
[Date "2010.5.26"]
[Round "1"]
[White "ThiCappuccelli"]
[Black "sasquatico"]
[Result "0-1"]
[WhiteElo "1419"]
[BlackElo "1671"]

1. d4 f5 2. e3 Nf6 3. Nf3 g6 4. g3 e6 5. b3 Bg7 6. Nc3 O-O 7. Ba3 d6 8. Bg2 c6
9. b4 Ng4 10. b5 Qa5 11. Bxd6 Qxc3+ 12. Nd2 cxb5 13. O-O Rd8 14. Rb1 Rxd6 15. e4
Rxd4 16. exf5 Rxd2 17. Qxg4 exf5 18. Rxb5 fxg4 19. h4 Qc4 20. a4 Qxa4 21. Re5
Bxe5 22. Re1 Nc6 23. f4 Bd4+ 24. Kh1 Qxc2 25. Be4 Rh2# 0-1

[Event "AUTO-INT-1710"]
[Site "http://www.queenalice.com/game.php?id=781203"]
[Date "2010.5.26"]
[Round "1"]
[White "sasquatico"]
[Black "ThiCappuccelli"]
[Result "0-1"]
[WhiteElo "1737"]
[BlackElo "1391"]

1. c4 e6 2. d4 Nf6 3. Nc3 g6 4. e3 Nc6 5. Bd3 Bg7 6. Nge2 a6 7. b3 b5 8. cxb5
Nb4 9. Be4 axb5 10. Nxb5 c6 11. Nd6+ Ke7 12. Nb7 Bxb7 13. Ba3 Rxa3 14. O-O Nxe4
15. Nf4 Qa5 16. Qg4 Nc2 17. Rac1 Rxa2 18. Nxg6+ hxg6 19. Qxe4 Qh5 20. Rxc2 Qxh2#
0-1

[Event "AUTO-INT-1710"]
[Site "http://www.queenalice.com/game.php?id=781204"]
[Date "2010.5.26"]
[Round "1"]
[White "ThiCappuccelli"]
[Black "pokerninja"]
[Result "1-0"]
[WhiteElo "1449"]
[BlackElo "1338"]

1. d4 d5 2. e3 a6 3. Nc3 c6 4. e4 Nf6 5. e5 Ng4 6. Nf3 h5 7. g3 Nd7 8. a4 e6 9.
Bg2 f6 10. a5 f5 11. Bg5 Be7 12. O-O Bxg5 13. Na4 b5 14. Nc5 Qe7 15. b4 Nxc5 16.
bxc5 Bd7 17. h4 Bh6 18. Rb1 g5 19. hxg5 Bg7 20. Qd2 O-O-O 21. g6 Bh6 22. Qd1
Rdg8 23. Ne1 Be8 24. c4 Bxg6 25. cxb5 f4 26. bxa6 Be4 27. Rb7 Kd8 28. Qa4 Ke8
29. Qxc6+ Kf7 30. f3 Rc8 31. Rxe7+ Kxe7 32. Qd6+ Ke8 33. Qxe6+ Kf8 34. Qxc8+ Kg7
35. Qb7+ Kg6 36. fxe4 Ne3 37. Rf3 dxe4 38. Qxe4+ Kg5 39. gxf4+ 1-0

[Event "AUTO-INT-1710"]
[Site "http://www.queenalice.com/game.php?id=781205"]
[Date "2010.5.26"]
[Round "1"]
[White "pokerninja"]
[Black "ThiCappuccelli"]
[Result "1-0"]
[WhiteElo "1326"]
[BlackElo "1461"]

1. d4 Nf6 2. e3 d5 3. Nf3 Nc6 4. h3 Ne4 5. c4 dxc4 6. Bxc4 h5 7. Nc3 Nf6 8. Qd3
Nb4 9. Qb1 g6 10. a3 Nc6 11. b4 a5 12. b5 Na7 13. e4 c6 14. a4 c5 15. e5 Nd7 16.
Bg5 cxd4 17. Nxd4 Nxe5 18. Bd5 Bh6 19. Be3 e6 20. Bb3 Qd6 21. f4 Nd7 22. O-O Nf6
23. Nd1 g5 24. f5 e5 25. Ne2 b6 26. Ndc3 g4 27. Nd5 Nxd5 28. Bxh6 Rxh6 29. Qe4
Bb7 30. Rad1 Qc5+ 31. Nd4 f6 32. Kh2 O-O-O 33. Ne6 Qd6 34. Bxd5 Bxd5 35. Rxd5
Qxd5 36. Qc2+ Kd7 37. Rc1 g3+ 38. Kxg3 Rg8+ 39. Kh2 e4 40. Qc7+ Ke8 41. Qxa7 e3
42. Nc7+ 1-0

[Event "interclubes 2010"]
[Site "http://www.queenalice.com/game.php?id=791955"]
[Date "2010.6.18"]
[Round "2"]
[White "erivaldoadao"]
[Black "ThiCappuccelli"]
[Result "1-0"]
[WhiteElo "2092"]
[BlackElo "1419"]

1. e4 e6 2. d4 d5 3. e5 Nc6 4. Nf3 g6 5. Bg5 Qd7 6. Nbd2 Bh6 7. Bxh6 Nxh6 8. Bb5
a6 9. Bxc6 Qxc6 10. Nb3 b6 11. O-O b5 12. Qd2 Nf5 13. Na5 Qb6 14. b4 c6 15. c3
O-O 16. Nb3 Qd8 17. a4 Bb7 18. Nc5 Qc7 19. axb5 cxb5 20. Nxb7 Qxb7 21. Ne1 1-0

[Event "COPA CEARA"]
[Site "http://www.queenalice.com/game.php?id=793327"]
[Date "2010.6.22"]
[Round "1"]
[White "ThiCappuccelli"]
[Black "kanibal"]
[Result "0-1"]
[WhiteElo "1430"]
[BlackElo "1555"]

1. e4 d5 2. Nc3 d4 3. Na4 e5 4. c3 Bd7 5. Nf3 Bg4 6. Qb3 b6 7. Ng5 Qxg5 8. d3
Qe7 9. g3 Qd7 10. Bg2 Nc6 11. O-O Bd6 12. Qc4 Nb8 13. h3 Be6 14. Nxb6 cxb6 0-1

[Event "Let's Play Chess!"]
[Site "http://www.queenalice.com/game.php?id=813368"]
[Date "2010.8.4"]
[Round "-"]
[White "carlosufpe"]
[Black "ThiCappuccelli"]
[Result "1-0"]
[WhiteElo "1574"]
[BlackElo "1440"]

1. e4 Nf6 2. Nc3 e6 3. e5 Nd5 4. Nxd5 exd5 5. d4 d6 6. Nf3 g6 7. Bb5+ c6 8. Be2
Bg7 9. Bg5 Qa5+ 10. Bd2 Qb6 11. Bc3 Qd8 12. exd6 Qxd6 13. O-O Nd7 14. Re1 O-O
15. Bd2 Nf6 16. a3 Bf5 17. Bb4 Qf4 18. Bxf8 Rxf8 19. g3 Qg4 20. Ne5 Qh3 21. c4
Be4 22. Bf1 Qf5 23. cxd5 Nxd5 24. Ng4 Nf6 25. Bh3 Qh5 26. Nxf6+ Bxf6 27. Qxh5
gxh5 28. Rxe4 b5 29. Rae1 Bg5 30. Re8 Rxe8 31. Rxe8+ Kg7 32. Bg2 h6 33. Bxc6 Bf6
34. Bxb5 Bxd4 35. Bc4 Kf6 36. b4 Kg5 37. Bxf7 h4 38. Re4 1-0

[Event "Karine 2010"]
[Site "http://www.queenalice.com/game.php?id=813400"]
[Date "2010.8.4"]
[Round "-"]
[White "LUKK22"]
[Black "ThiCappuccelli"]
[Result "1-0"]
[WhiteElo "2462"]
[BlackElo "1429"]

1. g4 d5 2. Bg2 Nf6 3. g5 Ne4 4. d3 Nc5 5. d4 Ne4 6. Bf4 g6 7. Nd2 Bf5 8. Nxe4
dxe4 9. f3 exf3 10. Bxf3 Bg7 11. Bxb7 Nd7 12. e4 Rb8 13. Bc6 Rb6 14. exf5 Rxc6
15. Qd2 1-0

[Event "Let's Play Chess!"]
[Site "http://www.queenalice.com/game.php?id=1138588"]
[Date "2013.1.9"]
[Round "-"]
[White "ThiCappuccelli"]
[Black "fortunato"]
[Result "0-1"]
[WhiteElo "1423"]
[BlackElo "2334"]

1. d3 Nc6 2. Nf3 e5 3. e4 Nf6 4. Nc3 Be7 5. Be2 O-O 6. a4 d5 7. Be3 d4 8. Bd2
dxc3 9. Bxc3 Bd6 10. d4 exd4 11. Nxd4 Nxd4 12. Bxd4 Nxe4 13. Qd3 Bf5 14. Qb5 Qg5
15. Be3 Qxg2 16. Bf3 Qxf3 17. Rg1 Nxf2 0-1